ბათუმის შოთა რუსთაველის სახელმწიფო უნივერსიტეტის ბიბლიოთეკა

კვების მრეწველობის ეკონომიკა და ორგანიზაცია / (ბიბ.ჩანაწერი № 36927)

000 -ლიდერი
ფიქსირებული სიგრძის საკონტროლო ველი 00897nam a2200205Ia 4500
001 - საკონტროლო ნომერი
საკონტროლო ველი 2878
003 - საკონტროლო ნომრის იდენტიფიკატორი
საკონტროლო ველი GE_BSU
005 - ბოლო ოპერაციის თარიღი და დრო
საკონტროლო ველი 20190506113930.0
008 - ფიქსირებული სიგრძის მონაცემთა ელემენტები - ზოგადი ინფორმაცია
ფიქსირებული სიგრძის საკონტროლო ველი 181216s2004||||ge |||||||||||||| ||geo||
040 ## - კატალოგიზაციის წყარო
Transcribing agency GE_BSU
041 ## - ენის კოდი
Language code of text/sound track or separate title geo
080 ## - უნივერსალური ათობითი კლასიფიკაციის ინდექსი
Universal Decimal Classification number 338.45:664 გ–52
100 ## - მთავარი ჩანაწერი - პიროვნების სახელი
Personal name გიორგობიანი, ოთარ
9 (RLIN) 744
245 ## - ცნობა სათაურის შესახებ
Title კვების მრეწველობის ეკონომიკა და ორგანიზაცია /
Statement of responsibility, etc ოთარ გიორგობიანი ; რედ : ვახტანგ ბურკაძე
264 ## - წარმოების, გამოცემის, დისტრიბუციის და სხვა ცნობები
გამოცემის, წარმოების, დისტრიბუციის... ადგილი თბილისი . :
გამოცემის, წარმოების, დისტრიბუციის... სახელწოდება მნათე ,
გამოცემის, წარმოების, დისტრიბუციის... თარიღი 1993.
300 ## - ფიზიკური აღწერა
Extent 245 გვ ;
Dimensions 20 სმ.
653 ## - INDEX TERM--UNCONTROLLED
Uncontrolled term კვების მრეწველობის ეკონომიკა
700 ## - ADDED ENTRY--PERSONAL NAME
Personal name ბურკაძე , ვახტანგ
Relator term რედაქტორი
9 (RLIN) 745
942 ## - ADDED ENTRY ELEMENTS (KOHA)
Koha item type წიგნი
Source of classification or shelving scheme
ეგზემპლარები
ჩამოწერის სტატუსი დაკარგული ეგზემპლარის სტატუსი კლასიფიკაციის წყარო ან თაროზე გაწყობის სქემა დაზიანების სტატუსი არ გაიცემა მუდმივი მდებარეობა (დაცვის ადგილი) ამჟამინდელი ადგილსამყოფელი თაროზე განთავსების ადგილი შეძენის თარიღი ღირებულება, შესყიდვის ნორმალური ფასი სრული შენახვის შიფრი შტრიხკოდი ბოლო ოპერაციის თარიღი ეგზემპლარის მიმდევრობითი ნომერი (კეტერი?) ფასის ძალაში შესვლის თარიღი ეგზემპლარის სახეობა საჯარო შენიშვნა
          ბათუმის შოთა რუსთაველის სახელმწიფო უნივერსიტეტის მთავარი ბიბლიოთეკა ბათუმის შოთა რუსთაველის სახელმწიფო უნივერსიტეტის მთავარი ბიბლიოთეკა წიგნსაცავი 2018-12-17 7.00 338.45:664 გ–52 7703 2018-12-17 7703 2018-12-17 წიგნი 7ლ.50თ.